000 00619nam a2200229Ia 4500
003 OSt
005 20220924122346.0
006 a|||||r|||| 00| 0
007 ta
008 220923b |||||||| |||| 00| 0 urd d
024 _a315615
037 _cTextual
040 _aARTS
_cARTS
_burd
041 _2urd
_aurd
082 _aO168,1NHABx, N0
100 _aHasnain Bukhari
_9189221
245 0 _aSayyar-e-aakhie se aage jhan
260 _aLahore
_bSaadat Pakistan
_c1990
650 _aURDU POETRY
942 _hO168,1NHABx, N0
_cTEXL
_2CC
999 _c411316
_d411316